000 00400 a2200133 4500
000 nam a22 7a 4500
100 _aBornstein, Robert F.
110 _aBornstein, Robert F.
245 _aElements of Personality: Discovering Connections
250 _aLatest edition
260 _bAmerican Psychological Association
_c2024
264 _bAmerican Psychological Association
_c2024
942 _cBK
999 _c396738
_d396738